• 首页
  • 本馆介绍
  • 公告通知
  • 最新文献
  • 馆藏检索
  • 电子资源
  • 读者导购
  • 参考咨询
  • 我的图书馆
  • 登录
  • 详细信息显示
  • 放入我的书架
  • 预约/预借图书
  • 作者相关作品
  • 分类相关作品
  • 丛书相关作品
  • 出版社相关作品

书目信息

  • 表格格式
  • 工作单格式
  • 卡片格式
题名:
做一个情商高 会理财的幸福女人
    
 
作者: 曲家琰 著
分册:  
出版信息: 沈阳   万卷出版公司  2021.11
页数: 2115页
开本: 21cm
丛书名:
单 册:
中图分类: B842.6 , TS976.15
科图分类:
主题词: 女性--nv xing--情商--通俗读物 , 女性--nv xing--财务管理--通俗读物
电子资源:
ISBN: 978-7-5470-5723-0
000 01154nam0 2200277 450
001 012001000691
005 20141201163654.0
010    @a978-7-5470-5723-0@dCNY38.00
099    @aCAL 012022007131
100    @a20220905d2021 em y0chiy50 ea
101 0  @achi
102    @aCN@b210000
105    @ay z 000yy
106    @ar
200 1  @a做一个情商高 会理财的幸福女人@Azuo yi ge qing shang gao hui li cai de xing fu nv ren@f曲家琰著
210    @a沈阳@c万卷出版公司@d2021.11
215    @a2115页@d21cm
314    @a曲家琰, 被誉为“美神”曲老师, 毕业于长春医学院, 北京博玉医美企业咨询管理有限公司创始人, 担任医美咨询总监、运营总监十余年。
330    @a本书从女人为什么理财、如何理财、储蓄、保险、信用卡、基金、股票、房产、黄金、债券等方面, 结合最实用的理财理念, 生动有趣的理财案例, 深入浅出地阐明理财中的各种技巧。包括: 管好财富, 做一个高情商的“财女” ; 理性消费, 把不必要的开支省下来等内容。
606 0  @a女性@Anv xing@x情商@j通俗读物
606 0  @a女性@Anv xing@x财务管理@j通俗读物
690    @aB842.6@v5
690    @aTS976.15@v5
701  0 @a曲家琰@Aqu jia yan@4著
801  0 @aCN@bAHXH@c20221111
905    @b1362443-7@dB842.6@e4576@f5
    
    做一个情商高 会理财的幸福女人/曲家琰著.-沈阳:万卷出版公司,2021.11
    2115页;21cm
    
    
    ISBN 978-7-5470-5723-0:CNY38.00
    本书从女人为什么理财、如何理财、储蓄、保险、信用卡、基金、股票、房产、黄金、债券等方面, 结合最实用的理财理念, 生动有趣的理财案例, 深入浅出地阐明理财中的各种技巧。包括: 管好财富, 做一个高情商的“财女” ; 理性消费, 把不必要的开支省下来等内容。
●
相关链接 在E读中查询图书 在五车中查询图书 在当当中查询图书 在豆瓣中查询图书


正题名:做一个情商高 会理财的幸福女人     索取号:B842.6/4576         预约/预借

序号 登录号 条形码 馆藏地/架位号 状态 备注
1 1362443   213624434   第一样本阅览室/ [索取号:B842.6/4576] 在馆    
2 1362444   213624443   教育系资料室/ [索取号:B842.6/4576] 在馆    
3 1362445   213624452   教育系资料室/ [索取号:B842.6/4576] 在馆    
4 1362446   213624461   第一借阅区/ [索取号:B842.6/4576] 在馆    
5 1362447   213624470   第一借阅区/ [索取号:B842.6/4576] 在馆    
唐山师范学院图书馆 欢迎您!
大连网信软件有限公司© 版权所有